| 000 | 00608cam a2200205ua 4500 | ||
|---|---|---|---|
| 001 | 6901 | ||
| 005 | 20260515114126.0 | ||
| 008 | 140311n ii |||gr||||Z||||||asm | ||
| 020 | _a81-86494-31-6 | ||
| 040 | _cMAIN | ||
| 082 | _a651 | ||
| 245 |
_aUchhatar madhyamik byabasaya sangathan aru banijyik prakaran _cBy Dulal bhattacharya |
||
| 250 |
_a1st ed / _bVol II. |
||
| 260 |
_aGuwahati: _bStudents stores, _c1990. |
||
| 300 | _aviii,142p. | ||
| 653 | _aOffice services | ||
| 653 | _aUchhatar madhyamik byabasaya sangathan aru banijyik prakaran | ||
| 700 |
_aBhattacharya,Dulal, _eAuthor., |
||
| 942 | _cBK | ||
| 999 |
_c6042 _d6042 |
||